000 00556nam a2200181Ia 4500
003 OSt
005 20260325111513.0
008 211028s2006 xx 000 0 und d
040 _cAIMIT LIBRARY
041 _aeng
082 _a658.15 PAIS
100 _aPais, Sharon, Andrea;Pinto, Prakash.
_g40911117
_95632
245 _aA study of performance evaluation of select Indian mutul fund schemes with reference to growth and balanced funds /
260 _bPinto, Prakash
_c2006
600 _aFinance
_95633
650 _aFinance
_95634
942 _2ddc
_cPRO
999 _c217969
_d217969